000 01645nam a2200361 c 4500
003 BLK
005 20240216142753.0
008 180409b bul|||||r ||||||| ||bul||
010 _aKNG00135143000
020 _a978-954-340-191-8
_bиздат.: New Media Group
040 _aBLK
041 _aBUL
_cBUL
072 7 _2bullib
_aН15
_xПсихология Н
080 _aПарапсихология. Нумерология. - Халюцинации, пророчества, предсказания, магии, демонология, телепатия, спиритизъм, илюзии, нумерология, мошеничество. Вж и 133 ; 398.4 ; 615.851
_b159.961
_x(035)
_z159.961(035)
700 1 _aМандова, Ваня Минчева
_e*
_9297912
100 1 _aМандова - Джована, Ваня
_eпърви автор
_9297913
139 _aМандова, Ваня Минчева
_bМ 25
245 1 0 _aЧислото - код на съдбата
_bНумерология
_c* Ваня Минчева Мандова; Ваня Мандова - Джована.
257 _aBGR
260 София
_bNew Media Group
_c2011
_fКостинброд : Мултипринт
300 _a112 с.
_c20 см
380 _a1
650 4 _aНумерология
_9164361
653 _aнумерология
653 _aръководства
659 _aН
852 _aЦб 256725
856 4 _qpdf
_u
856 4 _qpdf
_u
942 _cKNG
_n0
_013
944 _aCR
_c17.10.2012
_lЦветомила Тодорова
_k30576
944 _aED
_c11.09.2017
_lф /
_kЛюдмила_Стоянова
999 _c129406
_d129406